000
00326 a2200145 4500
001
177260
020
_a
040
_c
Magnum
100
_a
Kneller, George F.
240
1
0
_a
Arte e ciencia da criatividade
_l
por
245
1
0
_a
Arte e ciencia da criatividade
362
0
_a
1899
697
_a
MAGNITO: PEDAGOGIA
942
_c
BK
999
_c
177260
_d
177260